[Event "62th POL-ch (w)"]
[Site "Warsaw POL"]
[Date "2010.01.12"]
[Round "2.2"]
[White "Dworakowska, Joanna"]
[Black "Majdan, Joanna"]
[Result "1/2-1/2"]
[WhiteElo "2374"]
[BlackElo "2374"]
[EventDate "2010.01.09"]
[PlyCount "152"]

1.e4 c5 2.Nf3 e6 3.d4 cxd4 4.Nxd4 Nc6 5.Nc3 d6 6.Be2 Nf6 7.O-O Be7 8.Be3 
O-O 9.f4 Qc7 10.Kh1 Nxd4 11.Qxd4 e5 12.Qd3 b6 13.a4 Bb7 14.Nd5 Bxd5 15.
exd5 Nd7 16.c3 exf4 17.Bxf4 Bf6 18.Qh3 Be5 19.Bb5 Rad8 20.Bg5 f6 21.Bd2 
Nc5 22.Rae1 a6 23.Bc6 Nb3 24.Qd3 Na5 25.Qxa6 Nxc6 26.Qc4 Kh8 27.Be3 Rc8 
28.dxc6 Qxc6 29.Qb3 Ra8 30.Ra1 Rfb8 31.Bg1 Ra5 32.Rfd1 h6 33.Ra3 Qe4 34.
Raa1 b5 35.Qd5 Rxa4 36.Qf7 Qb7 37.Qg6 Rba8 38.Rab1 Rh4 39.Re1 b4 40.Qd3 
Rg4 41.Re2 Qa6 42.Qd2 bxc3 43.bxc3 Ra4 44.Ree1 Qc4 45.Bd4 Bxd4 46.cxd4 
Qxd4 47.Qc2 Qc4 48.Qf5 Qg4 49.Qd5 Qd4 50.Qc6 Ra1 51.h3 Kh7 52.Qc2+ Kh8 53.
Qc6 Kh7 54.Qc1 Rxb1 55.Qxb1+ Kh8 56.Rd1 Qe5 57.Re1 Qc3 58.Kh2 f5 59.Re7 
Qf6 60.Qe1 Qd4 61.Qf1 Qd5 62.Qf2 Rf8 63.Qg3 Qd4 64.Rd7 f4 65.Qf3 Qe5 66.
Rb7 Qe3 67.Qg4 Qg3+ 68.Qxg3 fxg3+ 69.Kxg3 Rf6 70.Rb8+ Kh7 71.Rd8 Kg6 72.
Rd7 h5 73.h4 Kh6 74.Rd8 Kg6 75.Rd7 Kh6 76.Rd8 Kg6 1/2-1/2

[Event "62th POL-ch (w)"]
[Site "Warsaw POL"]
[Date "2010.01.11"]
[Round "2.1"]
[White "Tomaszewska, Luiza"]
[Black "Matras-Clement, Agnieszka"]
[Result "0-1"]
[WhiteElo "1891"]
[BlackElo "2251"]
[EventDate "2010.01.09"]
[PlyCount "58"]

1.e4 e5 2.Nf3 Nc6 3.Bb5 a6 4.Ba4 Nf6 5.O-O Be7 6.c3 b5 7.Bc2 d6 8.h3 O-O 
9.Re1 Bb7 10.d3 Re8 11.Nbd2 Bf8 12.Nf1 Ne7 13.Ng3 Ng6 14.Bb3 h6 15.Nf5 d5 
16.Qc2 c5 17.exd5 Bxd5 18.Bxd5 Qxd5 19.Ng3 Rad8 20.Re3 Nf4 21.d4 cxd4 22.
cxd4 e4 23.Nd2 Qxd4 24.Ndxe4 Nxe4 25.Nxe4 Nd5 26.Re1 f5 27.Bxh6 fxe4 28.
Bg5 Rc8 29.Qb3 Qd3 0-1

[Event "62th POL-ch (w)"]
[Site "Warsaw POL"]
[Date "2010.01.12"]
[Round "2.2"]
[White "Matras-Clement, Agnieszka"]
[Black "Tomaszewska, Luiza"]
[Result "1-0"]
[WhiteElo "2251"]
[BlackElo "1891"]
[EventDate "2010.01.09"]
[PlyCount "41"]

1.e4 c5 2.c3 d5 3.exd5 Qxd5 4.d4 cxd4 5.cxd4 Nc6 6.Nf3 Bg4 7.Be2 e6 8.Nc3 
Bb4 9.O-O Qd7 10.d5 exd5 11.Nxd5 Bd6 12.Qa4 O-O-O 13.Be3 Kb8 14.Rfd1 Nge7 
15.Nxe7 Bxf3 16.Nxc6+ Bxc6 17.Qxa7+ Kc8 18.Bc5 Qe6 19.Bxd6 Rxd6 20.Qa8+ 
Kc7 21.Qxh8 1-0

[Event "62th POL-ch (w)"]
[Site "Warsaw POL"]
[Date "2010.01.11"]
[Round "2.1"]
[White "Zakoscielna, Kinga"]
[Black "Szczepkowska-Horowska, Karina"]
[Result "0-1"]
[WhiteElo "2030"]
[BlackElo "2322"]
[EventDate "2010.01.09"]
[PlyCount "166"]

1.e4 e5 2.Nf3 Nc6 3.Bb5 a6 4.Ba4 Nf6 5.O-O Be7 6.Re1 b5 7.Bb3 O-O 8.d4 d6 
9.c3 h6 10.h3 Bb7 11.Nbd2 Re8 12.Nf1 Bf8 13.Ng3 Na5 14.Bc2 g6 15.b4 Nc4 
16.Bd3 Nb6 17.a3 Na4 18.Qc2 Nb6 19.Bb2 Bg7 20.Rad1 Nfd7 21.c4 bxc4 22.Bxc4
Nxc4 23.Qxc4 Nb6 24.Qc2 Qe7 25.Rc1 Rac8 26.a4 h5 27.dxe5 dxe5 28.Qb3 Bf6 
29.b5 Qe6 30.Qxe6 Rxe6 31.bxa6 Bxa6 32.a5 Nc4 33.Bc3 Rd6 34.Nf1 Bg7 35.
N1d2 Nxd2 36.Bxd2 c5 37.Bc3 f6 38.Rb1 Bf8 39.Rb6 Rxb6 40.axb6 Rb8 41.Ba5 
Bd3 42.Nd2 c4 43.Rc1 Ba3 44.Re1 Bb2 45.Nf3 Kf7 46.g3 Ke6 47.Kg2 g5 48.Nd2 
Kd7 49.Nb3 Kc6 50.Nc1 Bb1 51.f4 gxf4 52.gxf4 Kb5 53.Bd2 Rxb6 54.Kf3 c3 55.
Be3 Rc6 56.Ne2 Bd3 57.Nc1 Bc2 58.Rg1 Rc4 59.fxe5 fxe5 60.Ne2 Bxe4+ 61.Kf2 
c2 62.Rg5 h4 63.Bc1 Ba1 64.Ke3 Bd5 65.Kd2 Bf3 66.Ng1 Bd1 67.Rg8 Re4 68.
Rb8+ Kc6 69.Rc8+ Kd7 70.Rf8 Bd4 71.Nf3 Be3+ 72.Kd3 Bxc1 73.Kxe4 Bf4 74.
Rxf4 c1=Q 75.Nxe5+ Ke6 76.Nd3 Bc2 77.Rf3 Qh1 78.Kf4 Qh2+ 79.Ke3 Bd1 80.
Nf4+ Kd6 81.Rf1 Qg3+ 82.Ke4 Bc2+ 83.Kd4 Bf5 0-1

[Event "62th POL-ch (w)"]
[Site "Warsaw POL"]
[Date "2010.01.12"]
[Round "2.2"]
[White "Szczepkowska-Horowska, Karina"]
[Black "Zakoscielna, Kinga"]
[Result "1-0"]
[WhiteElo "2322"]
[BlackElo "2030"]
[EventDate "2010.01.09"]
[PlyCount "61"]

1.e4 c5 2.Nf3 g6 3.d4 cxd4 4.Nxd4 Bg7 5.c4 Nc6 6.Be3 Nf6 7.Nc3 Ng4 8.Qxg4 
Nxd4 9.Qd1 Nc6 10.Qd2 O-O 11.Be2 d6 12.O-O Be6 13.f3 Qa5 14.Rfc1 Rfc8 15.
Rab1 f5 16.b3 Kf7 17.exf5 gxf5 18.f4 Rd8 19.Bf3 Bxc3 20.Rxc3 d5 21.cxd5 
Bxd5 22.Bh5+ Kf8 23.Qb2 Qc7 24.Re1 Qd6 25.Bc5 Qf6 26.Qc1 Be4 27.Rg3 b6 28.
Ba3 Qd4+ 29.Kh1 Rac8 30.Bb2 Qd2 31.Bg7+ 1-0

[Event "62th POL-ch (w)"]
[Site "Warsaw POL"]
[Date "2010.01.11"]
[Round "2.1"]
[White "Adamowicz, Katarzyna"]
[Black "Worek, Joanna"]
[Result "0-1"]
[WhiteElo "2125"]
[BlackElo "2226"]
[EventDate "2010.01.09"]
[PlyCount "124"]

1.e4 c5 2.Nf3 d6 3.d4 cxd4 4.Qxd4 Nc6 5.Bb5 Bd7 6.Bxc6 Bxc6 7.Nc3 Nf6 8.
Bg5 h6 9.Bxf6 gxf6 10.O-O-O Qb6 11.Qxb6 axb6 12.Kb1 Rg8 13.Rhg1 h5 14.Nd5 
Ra4 15.Nd4 Bxd5 16.exd5 Kd7 17.g3 e5 18.Nf5 Rg5 19.Ne3 f5 20.h4 Rg6 21.
Nxf5 Rf6 22.Ne3 Bh6 23.Rdf1 Re4 24.Nd1 Rd4 25.f3 Rxd5 26.Nc3 Rd4 27.Ne4 
Rg6 28.c3 Ra4 29.b3 Ra8 30.g4 Be3 31.Rh1 d5 32.gxh5 Rh6 33.Ng3 Ke6 34.Ne2 
Rg8 35.Re1 Kd6 36.c4 d4 37.Nc3 f5 38.Nd5 f4 39.Rh2 Rg3 40.Rf1 b5 41.Kc2 e4
42.fxe4 Ke5 43.Nb4 Kxe4 44.Nd3 Rxh5 45.Nf2+ Kf5 46.cxb5 Ke5 47.Nd3+ Ke4 
48.Nf2+ Kd5 49.Nd3 f3 50.Ne1 Ke4 51.Rhh1 Rc5+ 52.Kb2 d3 53.h5 Bh6 54.a4 
Ke3 55.Nxd3 Kxd3 56.Rd1+ Ke4 57.b4 Rg2+ 58.Kb3 Rcc2 59.Rhe1+ Rce2 60.Rh1 
f2 61.Rh4+ Ke5 62.Rhd4 Rg3+ 0-1

[Event "62th POL-ch (w)"]
[Site "Warsaw POL"]
[Date "2010.01.12"]
[Round "2.2"]
[White "Worek, Joanna"]
[Black "Adamowicz, Katarzyna"]
[Result "1-0"]
[WhiteElo "2226"]
[BlackElo "2125"]
[EventDate "2010.01.09"]
[PlyCount "79"]

1.d4 d5 2.c4 c6 3.cxd5 cxd5 4.Nf3 Nf6 5.Nc3 Nc6 6.Bf4 Bf5 7.e3 e6 8.Bd3 
Bxd3 9.Qxd3 Be7 10.O-O O-O 11.Rac1 Nh5 12.Bg3 Nxg3 13.hxg3 a6 14.a3 Na5 
15.e4 dxe4 16.Qxe4 Rc8 17.d5 exd5 18.Nxd5 Bd6 19.Rxc8 Qxc8 20.Ng5 f5 21.
Ne7+ Bxe7 22.Qxe7 h6 23.Ne6 Rf7 24.Qd6 Nc6 25.Nc5 Kh7 26.Re1 Rf6 27.Re6 
Rxe6 28.Nxe6 Qe8 29.Qd5 Qh5 30.f3 Ne7 31.Nf8+ Kh8 32.Qxb7 Ng8 33.Qxa6 Qe8 
34.Ne6 Qd7 35.Qe2 Nf6 36.Qe5 Qd3 37.Qb8+ Ng8 38.Nf4 Qb1+ 39.Kh2 Kh7 40.b4 
1-0

[Event "62th POL-ch (w)"]
[Site "Warsaw POL"]
[Date "2010.01.11"]
[Round "2.1"]
[White "Gosciniak, Maria"]
[Black "Kulon, Klaudia"]
[Result "0-1"]
[WhiteElo "2188"]
[BlackElo "2202"]
[EventDate "2010.01.09"]
[PlyCount "106"]

1.d4 d5 2.Nf3 c6 3.c4 e6 4.Nbd2 f5 5.g3 Nf6 6.Bg2 Bd6 7.Ne5 O-O 8.O-O b6 
9.Ndf3 Ne4 10.Qc2 Bb7 11.b3 a5 12.a3 Na6 13.Nd3 Qe7 14.Qb2 g5 15.Nfe5 Qg7 
16.f3 Nf6 17.Bd2 c5 18.Bc3 Rac8 19.Rac1 Qe7 20.Qd2 Nh5 21.g4 Ng7 22.Rb1 
Rfd8 23.h4 gxh4 24.Qh6 Bc7 25.Bd2 cxd4 26.Bg5 Qxa3 27.Bxd8 Bxd8 28.g5 Qd6 
29.f4 Nc5 30.Qxh4 Ne4 31.Rbd1 a4 32.bxa4 dxc4 33.Nf2 c3 34.Nfd3 Ba6 35.Qh6
Bxd3 36.exd3 Nxg5 37.Nc4 Rxc4 38.dxc4 Ne4 39.Rd3 Nf6 40.Qh3 Ng4 41.Qf3 Bf6
42.Qa8+ Kf7 43.Qb7+ Kg6 44.Bc6 c2 45.Rh3 Be7 46.Qa8 d3 47.Be8+ Kf6 48.Bh5 
Qd4+ 49.Kh1 Nf2+ 50.Kg2 Nxh3 51.Kxh3 Nxh5 52.Qg8 Ng7 53.Qxh7 Qe3+ 0-1

[Event "62th POL-ch (w)"]
[Site "Warsaw POL"]
[Date "2010.01.12"]
[Round "2.2"]
[White "Kulon, Klaudia"]
[Black "Gosciniak, Maria"]
[Result "1-0"]
[WhiteElo "2202"]
[BlackElo "2188"]
[EventDate "2010.01.09"]
[PlyCount "124"]

1.c4 g6 2.Nc3 Bg7 3.g3 f5 4.Bg2 Nf6 5.e3 O-O 6.Nge2 e6 7.O-O Qe7 8.d3 Nc6 
9.Rb1 d6 10.b4 e5 11.Nd5 Qf7 12.b5 Nd8 13.Ba3 Ne6 14.Qc2 Nh5 15.f4 exf4 
16.Nexf4 Nhxf4 17.gxf4 Bd7 18.Nc3 Rab8 19.Kh1 Rfe8 20.d4 Kh8 21.Nd5 Qf8 
22.Nb4 Nd8 23.Rfe1 c6 24.Nd3 Rc8 25.Qb3 cxb5 26.cxb5 Be6 27.d5 Bg8 28.Bb4 
Qf6 29.Nb2 Nf7 30.Nc4 h6 31.Rbc1 g5 32.fxg5 hxg5 33.Rf1 Bh7 34.Qa3 Rcd8 
35.Ba5 b6 36.Bc3 Qe7 37.Bb4 Rd7 38.Qb3 Qf6 39.e4 f4 40.Qh3 Rdd8 41.Rce1 
Kg8 42.a3 Qd4 43.Nd2 Bf6 44.Rg1 Bg6 45.Bf3 Kg7 46.Rg2 Rh8 47.Qe6 Qe5 48.
Nc4 Qd4 49.Nd2 Qd3 50.e5 Bxe5 51.Be4 Bxe4 52.Nxe4 Qf3 53.Qxf7+ Kxf7 54.
Nxg5+ Kf6 55.Nxf3 Rh3 56.Ng5 Rh5 57.Ne6 Rdh8 58.Rf1 Ke7 59.Rf3 Rh4 60.Bd2 
Rh3 61.Rgf2 Rxf3 62.Rxf3 Rc8 1-0

[Event "62th POL-ch (w)"]
[Site "Warsaw POL"]
[Date "2010.01.13"]
[Round "3.1"]
[White "Majdan, Joanna"]
[Black "Rajlich, Iweta"]
[Result "0-1"]
[WhiteElo "2374"]
[BlackElo "2455"]
[EventDate "2010.01.09"]
[PlyCount "78"]

1.e4 e6 2.d4 d5 3.Nc3 Bb4 4.e5 c5 5.Bd2 Ne7 6.Nb5 Bxd2+ 7.Qxd2 O-O 8.f4 b6
9.Nf3 Bd7 10.a4 Nbc6 11.Bd3 c4 12.Be2 a6 13.Nd6 f5 14.Rg1 Nc8 15.Nxc8 Rxc8
16.g4 fxg4 17.Rxg4 Ne7 18.c3 Nf5 19.Bd1 Be8 20.Ng5 Qe7 21.Bc2 h6 22.Nh3 
Bh5 23.Bxf5 Rxf5 24.Rg3 Rcf8 25.Qg2 Qh4 26.Kd2 Rxf4 27.Rg1 Kh8 28.Nxf4 
Qxf4+ 29.Kc2 Qf5+ 30.Kc1 g5 31.Qh3 Qf7 32.b3 cxb3 33.Kb2 Qg6 34.Qg2 Rf4 
35.Kxb3 Qf7 36.Qd2 Rf2 37.Qe3 Be2 38.c4 Bxc4+ 39.Kc3 Qf8 0-1

[Event "62th POL-ch (w)"]
[Site "Warsaw POL"]
[Date "2010.01.14"]
[Round "3.2"]
[White "Rajlich, Iweta"]
[Black "Majdan, Joanna"]
[Result "1-0"]
[WhiteElo "2455"]
[BlackElo "2374"]
[EventDate "2010.01.09"]
[PlyCount "81"]

1.d4 d5 2.Nf3 Nf6 3.c4 dxc4 4.e3 Bg4 5.Bxc4 e6 6.O-O a6 7.h3 Bh5 8.Nbd2 
Nc6 9.a3 Bd6 10.b4 Qe7 11.Bb2 e5 12.dxe5 Bxe5 13.Bxe5 Nxe5 14.Be2 Bxf3 15.
Nxf3 Nxf3+ 16.Bxf3 c6 17.Qd4 O-O 18.Qb6 Ne8 19.Rad1 Nd6 20.Qc5 Rad8 21.Rd4
Qc7 22.a4 g6 23.Rc1 Rfe8 24.g4 f6 25.Rcd1 Nf7 26.Bd5 Rd7 27.Bb3 Rde7 28.
Rf4 Kg7 29.Bxf7 Rxf7 30.Qd6 Qc8 31.a5 h5 32.Rdd4 hxg4 33.hxg4 g5 34.Rf5 
Re6 35.Qc5 Qe8 36.Qc3 Qe7 37.Qd3 Qc7 38.Rf3 Re5 39.Rh3 f5 40.Rd6 Re4 41.
gxf5 1-0

[Event "62th POL-ch (w)"]
[Site "Warsaw POL"]
[Date "2010.01.13"]
[Round "3.1"]
[White "Socko, Monika"]
[Black "Zawadzka, Jolanta"]
[Result "1-0"]
[WhiteElo "2450"]
[BlackElo "2391"]
[EventDate "2010.01.09"]
[PlyCount "109"]

1.d4 d5 2.c4 e6 3.Nf3 c6 4.e3 Nf6 5.Bd3 dxc4 6.Bxc4 b5 7.Bd3 a6 8.a4 Bb7 
9.O-O b4 10.Nbd2 c5 11.Qe2 Nc6 12.dxc5 Bxc5 13.Nb3 Bb6 14.Rd1 Qc7 15.Bd2 
O-O 16.Rdc1 a5 17.Nc5 Bxc5 18.Rxc5 Rfd8 19.Rac1 Qd6 20.Bb1 Nd7 21.Rh5 g6 
22.Rh4 Ba6 23.Qe1 Nde5 24.Nxe5 Nxe5 25.Rd4 Qb6 26.Rxd8+ Rxd8 27.e4 Qd4 28.
Bg5 Rd7 29.b3 Nd3 30.Bxd3 Qxd3 31.Bf6 Qxb3 32.h4 h6 33.Qe2 Qd3 34.Qxd3 
Rxd3 35.Rc6 Bb7 36.Rc7 Ba6 37.Ra7 Bc8 38.Rxa5 Rd1+ 39.Kh2 Rc1 40.Ra8 Kf8 
41.a5 Ke8 42.a6 Kd7 43.a7 Rc7 44.Be5 b3 45.Bxc7 Bb7 46.Rd8+ Kxc7 47.Rd3 
Kb6 48.Rxb3+ Kxa7 49.e5 Be4 50.f3 Bc6 51.Kg3 Bd5 52.Rb4 Bc6 53.Kf4 Bd5 54.
Ke3 Bb7 55.Rf4 1-0

[Event "62th POL-ch (w)"]
[Site "Warsaw POL"]
[Date "2010.01.14"]
[Round "3.2"]
[White "Zawadzka, Jolanta"]
[Black "Socko, Monika"]
[Result "1/2-1/2"]
[WhiteElo "2391"]
[BlackElo "2450"]
[EventDate "2010.01.09"]
[PlyCount "107"]

1.e4 e6 2.d4 d5 3.Nc3 Bb4 4.e5 Ne7 5.a3 Bxc3+ 6.bxc3 c5 7.Qg4 Kf8 8.Bd2 
Qc7 9.Bd3 b6 10.Nf3 Ba6 11.dxc5 Bxd3 12.cxd3 bxc5 13.O-O h6 14.Rab1 Nd7 
15.Qa4 Kg8 16.Rb5 Kh7 17.Rfb1 Rhb8 18.Be3 Rxb5 19.Rxb5 Rb8 20.Rxb8 Qxb8 
21.h3 Qc7 22.Qb5 Ng6 23.a4 Ngxe5 24.Nxe5 Nxe5 25.Bxc5 a6 26.Qb1 Nd7 27.d4+
g6 28.Qb4 Kg7 29.c4 Qf4 30.Qc3 Nf6 31.cxd5 exd5 32.Qc2 Ne4 33.Bb4 h5 34.
Be1 Nf6 35.Qd1 g5 36.Qd3 Qe4 37.Qd2 Kg6 38.f3 Qf5 39.h4 g4 40.Qe3 Kg7 41.
Bg3 gxf3 42.Be5 Kh7 43.gxf3 Nd7 44.Qe2 Qg6+ 45.Kf2 Nf8 46.Bg3 Qe6 47.Qd3+ 
Ng6 48.Qb3 Qf5 49.Kg2 Kg7 50.a5 Qe6 51.Kf2 Qf5 52.Kg2 Qe6 53.Kf2 Qf5 54.
Kg2 1/2-1/2

[Event "62th POL-ch (w)"]
[Site "Warsaw POL"]
[Date "2010.01.13"]
[Round "3.1"]
[White "Dworakowska, Joanna"]
[Black "Kulon, Klaudia"]
[Result "1-0"]
[WhiteElo "2374"]
[BlackElo "2202"]
[EventDate "2010.01.09"]
[PlyCount "107"]

1.e4 e5 2.Nf3 Nc6 3.d4 exd4 4.Nxd4 Nf6 5.Nxc6 bxc6 6.e5 Qe7 7.Qe2 Nd5 8.c4
Ba6 9.b3 g6 10.f4 Bg7 11.Qf2 Nb4 12.Bb2 Bb7 13.a3 Na6 14.Bd3 Nc5 15.Bc2 f6
16.O-O fxe5 17.Nd2 O-O 18.Qe3 Rae8 19.b4 Ne6 20.fxe5 Rxf1+ 21.Rxf1 c5 22.
Be4 Bxe4 23.Nxe4 Nd4 24.Nxc5 Qxe5 25.Qxe5 Bxe5 26.Re1 Nc6 27.Nd3 Bd4+ 28.
Bxd4 Rxe1+ 29.Nxe1 Nxd4 30.Kf2 Nf5 31.Ke2 Kf7 32.Kd3 Ke6 33.Nf3 h5 34.a4 
Kd6 35.a5 c6 36.Ke4 a6 37.Ne5 Ne7 38.Nd3 Kc7 39.Ke5 d6+ 40.Kf6 Kd7 41.Nf4 
d5 42.c5 h4 43.Kg5 Ke8 44.Kxh4 Kf7 45.Kg5 d4 46.g4 Ng8 47.Nxg6 Ke6 48.h4 
Kd5 49.Kf4 Kc4 50.Ne5+ Kc3 51.g5 Ne7 52.h5 Kc2 53.g6 Ng8 54.Kg5 1-0

[Event "62th POL-ch (w)"]
[Site "Warsaw POL"]
[Date "2010.01.14"]
[Round "3.2"]
[White "Kulon, Klaudia"]
[Black "Dworakowska, Joanna"]
[Result "1-0"]
[WhiteElo "2202"]
[BlackElo "2374"]
[EventDate "2010.01.09"]
[PlyCount "75"]

1.e4 c5 2.Nf3 d6 3.d4 cxd4 4.Nxd4 Nf6 5.Nc3 Nc6 6.Bg5 e6 7.Qd2 a6 8.O-O-O 
Bd7 9.f3 Be7 10.g4 h5 11.gxh5 Nxh5 12.Bxe7 Qxe7 13.Rg1 O-O-O 14.Nb3 Qf6 
15.Qf2 Be8 16.Kb1 Nf4 17.Qb6 Qe7 18.Rxg7 Ng6 19.Bc4 Rxh2 20.Rg1 Nge5 21.
Be2 Rh4 22.a3 Nd7 23.Qf2 Qf6 24.Rg8 Nde5 25.Qb6 Nd7 26.Qe3 Qf4 27.Qf2 Nde5
28.Bxa6 bxa6 29.Qb6 Qf6 30.Qxa6+ Kb8 31.Qb6+ Kc8 32.Nb5 Qe7 33.Na5 Nxa5 
34.Qxa5 Bc6 35.Qa6+ Kb8 36.Qb6+ Kc8 37.Na7+ Kd7 38.Nxc6 1-0

[Event "62th POL-ch (w)"]
[Site "Warsaw POL"]
[Date "2010.01.14"]
[Round "3.3"]
[White "Kulon, Klaudia"]
[Black "Dworakowska, Joanna"]
[Result "1-0"]
[WhiteElo "2202"]
[BlackElo "2374"]
[EventDate "2010.01.09"]
[PlyCount "115"]

1.e4 c5 2.Nf3 d6 3.d4 cxd4 4.Nxd4 Nf6 5.Nc3 Nc6 6.Bg5 e6 7.Qd2 a6 8.O-O-O 
Bd7 9.f3 Be7 10.Be3 h5 11.Kb1 Rc8 12.g3 Na5 13.h3 b5 14.Bd3 b4 15.Nce2 e5 
16.Nb3 Be6 17.Qxb4 Nxb3 18.cxb3 d5 19.Qb6 O-O 20.Qxd8 Rcxd8 21.Bg5 dxe4 
22.fxe4 Rd6 23.Nc3 Rfd8 24.Kc2 Kf8 25.h4 Ng4 26.Be2 f6 27.Rxd6 Rxd6 28.Bc1
Rc6 29.Rf1 Bc5 30.Bc4 Bd4 31.Bxe6 Rxe6 32.b4 Nf2 33.Kb3 Rb6 34.a3 a5 35.b5
Bxc3 36.Kxc3 Nxe4+ 37.Kc4 Nxg3 38.Rd1 Ne4 39.Be3 Rb8 40.b6 Ke7 41.Kb5 f5 
42.Kxa5 f4 43.Bxf4 exf4 44.Re1 Kd6 45.Rxe4 Rf8 46.Re1 f3 47.Kb5 Kd7 48.Rc1
f2 49.b7 g5 50.hxg5 h4 51.Kb6 h3 52.Ka7 h2 53.b8=Q Rxb8 54.Kxb8 Ke6 55.a4 
Kf5 56.a5 Kxg5 57.a6 Kf4 58.a7 1-0

[Event "62th POL-ch (w)"]
[Site "Warsaw POL"]
[Date "2010.01.14"]
[Round "3.4"]
[White "Dworakowska, Joanna"]
[Black "Kulon, Klaudia"]
[Result "1-0"]
[WhiteElo "2374"]
[BlackElo "2202"]
[EventDate "2010.01.09"]
[PlyCount "105"]

1.e4 e5 2.Nf3 Nc6 3.d4 exd4 4.Nxd4 Bc5 5.Be3 Qf6 6.c3 Nge7 7.g3 b6 8.Bg2 
Bb7 9.b4 Bxd4 10.cxd4 d5 11.b5 Na5 12.Nc3 O-O 13.e5 Qe6 14.O-O Nc4 15.Qd3 
Rac8 16.f4 Nxe3 17.Qxe3 f5 18.Rfc1 Rfd8 19.Bf1 c5 20.bxc6 Nxc6 21.Kf2 Na5 
22.Nb5 Nc4 23.Qd3 a6 24.Nc3 Bc6 25.Bh3 g6 26.Rg1 Qe7 27.g4 fxg4 28.Rxg4 
Kh8 29.Rag1 Rf8 30.R1g3 Rc7 31.Kg1 Qa3 32.Bf1 Qb2 33.Rh4 Rg8 34.f5 gxf5 
35.Qxf5 Rxg3+ 36.hxg3 Qa3 37.Qf6+ Rg7 38.Qd8+ Rg8 39.Qf6+ Rg7 40.Ne2 Be8 
41.Rf4 Bf7 42.Rg4 Bg6 43.Nf4 Qe7 44.Rxg6 Qxf6 45.Rxf6 Rxg3+ 46.Kf2 Ra3 47.
Bxc4 dxc4 48.e6 Rxa2+ 49.Kf3 Ra3+ 50.Ke4 Ra1 51.Kd5 Re1 52.Kxc4 b5+ 53.Kc5
1-0

[Event "62th POL-ch (w)"]
[Site "Warsaw POL"]
[Date "2010.01.14"]
[Round "3.5"]
[White "Dworakowska, Joanna"]
[Black "Kulon, Klaudia"]
[Result "0-1"]
[WhiteElo "2374"]
[BlackElo "2202"]
[EventDate "2010.01.09"]
[PlyCount "83"]

1.e4 c5 2.Nf3 d6 3.d4 cxd4 4.Nxd4 Nf6 5.Nc3 e6 6.Be2 Be7 7.O-O Nc6 8.Be3 
Bd7 9.Ndb5 Qb8 10.a4 O-O 11.Qd2 Rd8 12.Rad1 Be8 13.g4 d5 14.Bf4 e5 15.Bg3 
d4 16.Nd5 Nxe4 17.Nxe7+ Nxe7 18.Qd3 Nxg3 19.hxg3 a6 20.Na3 Qc7 21.b3 Rac8 
22.Nc4 b5 23.axb5 axb5 24.Na3 Qc5 25.Ra1 Rb8 26.Nb1 Nd5 27.Qf5 Nb4 28.Bd1 
Bc6 29.Nd2 g6 30.Ne4 Bxe4 31.Qxe4 Rbc8 32.Ra5 Kg7 33.g5 Qe7 34.Qh4 Kg8 35.
Rxb5 Nxc2 36.Bxc2 Rxc2 37.Re1 Rc5 38.Rb6 d3 39.Kg2 d2 40.Rh1 f5 41.gxf6 
Qf7 42.Ra6 0-1

[Event "62th POL-ch (w)"]
[Site "Warsaw POL"]
[Date "2010.01.14"]
[Round "3.6"]
[White "Kulon, Klaudia"]
[Black "Dworakowska, Joanna"]
[Result "1-0"]
[WhiteElo "2202"]
[BlackElo "2374"]
[EventDate "2010.01.09"]
[PlyCount "117"]

1.e4 c5 2.Nf3 d6 3.d4 cxd4 4.Nxd4 Nf6 5.Nc3 a6 6.Be3 e6 7.Be2 Be7 8.O-O 
Nc6 9.f4 O-O 10.Kh1 Qc7 11.Qe1 Nxd4 12.Bxd4 b5 13.a3 Bb7 14.Qg3 g6 15.f5 
e5 16.Be3 Rfe8 17.fxg6 hxg6 18.Bd3 Kg7 19.Qf3 Rf8 20.Rad1 Qc8 21.Bg5 Qe6 
22.Bxf6+ Bxf6 23.Nd5 Bxd5 24.exd5 Qe7 25.Qg4 Rh8 26.Rde1 Rh4 27.Qg3 Rah8 
28.h3 e4 29.Qe3 Bxb2 30.Bxe4 Re8 31.Qb3 Bd4 32.c3 Bc5 33.Bf3 Qxe1 34.Rxe1 
Rxe1+ 35.Kh2 Rh8 36.Qc2 Rhe8 37.a4 Bb6 38.Qb3 Bd8 39.axb5 axb5 40.Qxb5 Bf6
41.Kg3 Bxc3 42.Qc6 Be5+ 43.Kf2 Ra1 44.Qxe8 Ra2+ 45.Be2 Rd2 46.Qc6 g5 47.
Kf3 Kg6 48.Qb7 Rb2 49.Qa7 Bf4 50.Bd3+ Kg7 51.g3 Be5 52.Qd7 Rb3 53.Qf5 Bf6 
54.Ke2 Rb2+ 55.Ke3 Rb4 56.Qh7+ Kf8 57.Qh6+ Ke7 58.Qh7 Bd4+ 59.Kf3 1-0

[Event "62th POL-ch (w)"]
[Site "Warsaw POL"]
[Date "2010.01.13"]
[Round "3.1"]
[White "Kadziolka, Beata"]
[Black "Worek, Joanna"]
[Result "1/2-1/2"]
[WhiteElo "2328"]
[BlackElo "2226"]
[EventDate "2010.01.09"]
[PlyCount "38"]

1.e4 c5 2.Nc3 e6 3.Nf3 Nf6 4.d4 cxd4 5.Nxd4 d6 6.g4 h6 7.h3 Nc6 8.Bg2 Bd7 
9.Be3 Ne5 10.Qe2 Rc8 11.Rd1 Nc4 12.Bc1 Qb6 13.Nb3 Qc7 14.Nd4 a6 15.a4 Qb6 
16.Nb3 Qc7 17.Nd4 Qb6 18.Nb3 Qc7 19.Nd4 Qb6 1/2-1/2

[Event "62th POL-ch (w)"]
[Site "Warsaw POL"]
[Date "2010.01.14"]
[Round "3.2"]
[White "Worek, Joanna"]
[Black "Kadziolka, Beata"]
[Result "1/2-1/2"]
[WhiteElo "2226"]
[BlackElo "2328"]
[EventDate "2010.01.09"]
[PlyCount "59"]

1.d4 g6 2.e4 Bg7 3.Nc3 d6 4.Be3 a6 5.f4 b5 6.Be2 Bb7 7.Bf3 Nd7 8.e5 Bxf3 
9.Nxf3 e6 10.O-O Ne7 11.Bf2 O-O 12.Qe2 Nb6 13.Bh4 Qd7 14.Ne4 Ned5 15.Nfd2 
f5 16.exf6 Nxf6 17.Nxf6+ Bxf6 18.Bxf6 Rxf6 19.Ne4 Rf5 20.Ng5 Re8 21.Qd2 
Nd5 22.Nh3 e5 23.fxe5 dxe5 24.Rxf5 Qxf5 25.Rf1 Qe4 26.Re1 Qf5 27.Rf1 Qe4 
28.Re1 Qf5 29.Rf1 Qe4 30.Re1 1/2-1/2

[Event "62th POL-ch (w)"]
[Site "Warsaw POL"]
[Date "2010.01.14"]
[Round "3.3"]
[White "Worek, Joanna"]
[Black "Kadziolka, Beata"]
[Result "0-1"]
[WhiteElo "2226"]
[BlackElo "2328"]
[EventDate "2010.01.09"]
[PlyCount "20"]

1.d4 f5 2.c4 Nf6 3.Nc3 g6 4.h4 d6 5.h5 Nxh5 6.Rxh5 gxh5 7.e4 Qd7 8.Qxh5+ 
Kd8 9.Nf3 Qe8 10.Ng5 Qxh5 0-1

[Event "62th POL-ch (w)"]
[Site "Warsaw POL"]
[Date "2010.01.14"]
[Round "3.4"]
[White "Kadziolka, Beata"]
[Black "Worek, Joanna"]
[Result "1/2-1/2"]
[WhiteElo "2328"]
[BlackElo "2226"]
[EventDate "2010.01.09"]
[PlyCount "77"]

1.e4 c5 2.Nc3 e6 3.Nf3 d6 4.d4 cxd4 5.Nxd4 Nf6 6.g4 h6 7.h3 Nc6 8.Be3 Bd7 
9.f4 a6 10.Qf3 Rc8 11.Bd3 Qa5 12.Nb3 Qc7 13.O-O-O b5 14.h4 Nb4 15.Kb1 h5 
16.g5 Ng4 17.f5 Nxd3 18.cxd3 b4 19.fxe6 fxe6 20.Ne2 Qc2+ 21.Ka1 Ne5 22.Qf1
Nxd3 23.Rd2 Qc4 24.g6 Ne5 25.Bd4 Nxg6 26.Rg1 Ne5 27.Bxe5 dxe5 28.Rxd7 Kxd7
29.Qf7+ Kc6 30.Rc1 Qxc1+ 31.Nexc1 Kb6 32.Qxe6+ Rc6 33.Qe8 Rc7 34.Qb8+ Rb7 
35.Qd8+ Ka7 36.Na5 Rf7 37.Nc6+ Kb7 38.Na5+ Ka7 39.Nc6+ 1/2-1/2

[Event "62th POL-ch (w)"]
[Site "Warsaw POL"]
[Date "2010.01.13"]
[Round "3.1"]
[White "Toma, Katarzyna"]
[Black "Szczepkowska-Horowska, Karina"]
[Result "1-0"]
[WhiteElo "2234"]
[BlackElo "2322"]
[EventDate "2010.01.09"]
[PlyCount "87"]

1.e4 e5 2.Nf3 Nf6 3.Nxe5 d6 4.Nf3 Nxe4 5.Nc3 Nxc3 6.dxc3 Be7 7.Be3 Nd7 8.
Qd2 O-O 9.O-O-O Ne5 10.h4 Re8 11.h5 Bf6 12.Kb1 Be6 13.Nd4 Bc4 14.b3 Bxf1 
15.Rhxf1 Qd7 16.f3 c5 17.Ne2 Qb5 18.a4 Qb6 19.Bf2 Qa6 20.Nc1 Rad8 21.Rfe1 
Qa5 22.c4 Qb6 23.Re4 Rf8 24.Ne2 Nc6 25.Nc3 Nb4 26.g4 g6 27.h6 Qa5 28.g5 
Bh8 29.Nd5 Rfe8 30.Nxb4 Rxe4 31.fxe4 cxb4 32.c5 b5 33.cxd6 bxa4 34.Qd5 Qa6
35.e5 axb3 36.cxb3 Qe2 37.Bg3 Rc8 38.Qd2 Qf3 39.Qd3 Qg2 40.d7 Rd8 41.Rc1 
Qb7 42.Rc8 Qb6 43.Bf2 Qa5 44.Qd5 1-0

[Event "62th POL-ch (w)"]
[Site "Warsaw POL"]
[Date "2010.01.14"]
[Round "3.2"]
[White "Szczepkowska-Horowska, Karina"]
[Black "Toma, Katarzyna"]
[Result "1-0"]
[WhiteElo "2322"]
[BlackElo "2234"]
[EventDate "2010.01.09"]
[PlyCount "195"]

1.e4 c5 2.Nf3 d6 3.d4 Nf6 4.Nc3 cxd4 5.Nxd4 e6 6.Be2 Be7 7.Be3 Nc6 8.O-O 
O-O 9.Kh1 Qc7 10.f4 a6 11.Qe1 Nxd4 12.Bxd4 b5 13.a3 Bb7 14.Qg3 g6 15.Bd3 
Nh5 16.Qe3 e5 17.fxe5 dxe5 18.Bb6 Qd7 19.Rad1 Qe6 20.Nd5 Bd8 21.Bc5 Re8 
22.a4 Bc6 23.Ra1 bxa4 24.Bc4 Nf4 25.Ne7+ Rxe7 26.Bxe6 Rxe6 27.Rf2 Bg5 28.
Qf3 Bh4 29.Rd2 f5 30.Qc3 Bxe4 31.Qc4 Kg7 32.Rf1 Rae8 33.Qxa4 Bf6 34.Kg1 g5
35.Rfd1 Kg6 36.c4 Bc6 37.Qa3 e4 38.Rd6 Nd3 39.Bd4 Bxd4+ 40.Rxd4 Nf4 41.Rd6
Nd3 42.Rxe6+ Rxe6 43.b4 f4 44.Rxd3 exd3 45.Qxd3+ Be4 46.Qd7 Bf5 47.Qd2 h6 
48.h3 Be4 49.Kf2 Bf5 50.b5 axb5 51.cxb5 Be4 52.Qd7 Bf5 53.Qd8 Be4 54.b6 
Kf7 55.Qc7+ Re7 56.Qd6 Re6 57.Qd4 Re7 58.Qh8 Rd7 59.Qxh6 Rd2+ 60.Ke1 Rxg2 
61.b7 Bxb7 62.Qh7+ Kf6 63.Qxb7 Rg3 64.Qh7 Ke5 65.Kf2 Kf6 66.Qh6+ Kf5 67.
Kf1 Rf3+ 68.Kg2 Rg3+ 69.Kf2 Ke5 70.Qg6 Kd4 71.Qf5 Kc3 72.h4 gxh4 73.Qxf4 
Rd3 74.Qxh4 Rd2+ 75.Ke1 Ra2 76.Qf6+ Kb4 77.Qd4+ Kb3 78.Kd1 Ra4 79.Qd5+ Kb4
80.Kc2 Ra5 81.Qd4+ Kb5 82.Kb3 Kc6 83.Kb4 Rb5+ 84.Kc4 Ra5 85.Qf6+ Kc7 86.
Kb4 Rd5 87.Kc4 Rd6 88.Qe7+ Kc6 89.Qe5 Kd7 90.Kc5 Rc6+ 91.Kd5 Rb6 92.Qg7+ 
Kd8 93.Qf8+ Kd7 94.Qf7+ Kd8 95.Kc5 Ra6 96.Qb7 Rh6 97.Qf3 Ra6 98.Qd3+ 1-0

[Event "62th POL-ch (w)"]
[Site "Warsaw POL"]
[Date "2010.01.14"]
[Round "3.3"]
[White "Szczepkowska-Horowska, Karina"]
[Black "Toma, Katarzyna"]
[Result "0-1"]
[WhiteElo "2322"]
[BlackElo "2234"]
[EventDate "2010.01.09"]
[PlyCount "66"]

1.e4 c5 2.Nf3 d6 3.d4 Nf6 4.Nc3 cxd4 5.Nxd4 g6 6.Bc4 Bg7 7.O-O Nc6 8.Bb3 
O-O 9.Re1 Ng4 10.Nxc6 bxc6 11.h3 Ne5 12.Bg5 a5 13.a4 Ba6 14.Qd2 Re8 15.Qf4
Bc4 16.Qg3 Bxb3 17.cxb3 Rb8 18.Ra3 Nd7 19.Be3 Rb7 20.Qg5 Ne5 21.Rd1 Qb8 
22.f4 h6 23.Qg3 Nd7 24.Bd4 Bxd4+ 25.Rxd4 Rxb3 26.Rxb3 Qxb3 27.Rd2 Kg7 28.
h4 h5 29.Qd3 Qb6+ 30.Kf1 Nf6 31.Ne2 Ng4 32.Qc3+ e5 33.Rxd6 Qf2# 0-1